| 000 | 00426nam a2200181Ia 4500 | ||
|---|---|---|---|
| 100 | _aTaub/Herbert/ Schilling/D.L | ||
| 650 | _aCommunication system | ||
| 250 | _a3 | ||
| 942 | _cBK | ||
| 366 | _f17.5 | ||
| 654 | _acommunication | ||
| 245 | _aPrinciples of communication systems | ||
| 260 |
_bTata Mc Graw hill Ltd. _aNew Delhi _c2008 |
||
| 082 |
_a004.6/TAU _bTAU |
||
| 300 | _a842 | ||
| 546 | _aENGLISH | ||
| 999 |
_c21273 _d21273 |
||